| 000 | 01156nam0a22002531 4500 | ||
|---|---|---|---|
| 001 | rc\780802 | ||
| 005 | 20040301143255.6 | ||
| 035 | _a(NLR Aleph) 006306734 | ||
| 090 |
_a7308762 _c7308762 |
||
| 100 | _a20040301d1984 u |0rusy50 ca | ||
| 101 | 0 | _arus | |
| 102 | _aRU | ||
| 105 | _aa ||||||||| | ||
| 200 | 1 |
_aИспользуя возможности кабинета _eИз опыта работы учительницы рус. яз. и лит. Тарас. восьмилет. шк. Новгородк. р-на Людмилы Николаевны Супрун по эффектив. использованию возможностей учеб. каб. |
|
| 210 |
_aКировоград _cОблполиграфиздат _d1984 |
||
| 215 |
_a1 л. ил. слож. в [8] с. _d21 |
||
| 300 | _aВ надзаг.: Отд. нар. образования Кировогр. облисполкома, Обл. ин-т усоверш. учителей | ||
| 700 | 1 |
_aБалталон _bВ. Г. |
|
| 701 | 1 |
_aКуликовская _bН. Ф. |
|
| 801 | 0 |
_aRU _bNLR _gpsbo |
|
| 801 | 1 |
_aRU _bELAR _2rusmarc |
|
| 852 |
_aNLR _j85-4/30853 |
||
| 942 | _cBOOK | ||
| 980 | _aNB | ||